[Event "Frankfurt Ch 2014"]
[Site "Ffm-Höchst, BiKuZ"]
[Date "2014.06.16"]
[Round "7.1"]
[White "Heinatz, Thomas"]
[Black "Poetsch, Hagen"]
[Result "0-1"]
[WhiteElo "2309"]
[BlackElo "2463"]
[PlyCount "106"]
[EventDate "2014.??.??"]
[WhiteTeam "Sfr. Schöneck"]
[BlackTeam "Sfr. Schöneck"]

1. e4 e6 2. d4 d5 3. Nc3 Nf6 4. Bg5 dxe4 5. Nxe4 Be7 6. Bxf6 gxf6 7. Nf3 f5 8.
Ng3 c5 9. Bb5+ Bd7 10. Bxd7+ Nxd7 11. d5 Qa5+ 12. c3 Qa6 13. dxe6 fxe6 14. Qe2
Qxe2+ 15. Kxe2 O-O-O 16. Rhe1 Rhe8 17. Kf1 Bf6 18. Re2 Re7 19. Rae1 Rde8 20.
Nh5 Bh8 21. Nh4 Kd8 22. Nf4 Nf8 23. Nf3 b6 24. Ng5 e5 25. Nd5 Rd7 26. c4 h6 27.
Nf3 Ng6 28. g3 e4 29. b3 Rf8 30. Nd2 Bd4 31. Kg2 Rg7 32. Kh1 Ne5 33. Nf4 Re8
34. Kg2 Rd7 35. Nd5 Nd3 36. Rf1 Rg8 37. Kh1 Nxf2+ 38. Rexf2 Bxf2 39. Rxf2 Rxd5
40. cxd5 e3 41. Re2 exd2 42. Rxd2 Kd7 43. Rf2 Rf8 44. g4 Kd6 45. Kg2 Kxd5 46.
Kg3 Ke4 47. Rf4+ Ke5 48. Rf2 b5 49. Rf4 Rf6 50. a4 a6 51. axb5 axb5 52. gxf5
Rxf5 53. Rh4 h5 0-1

[Event "Frankfurt Ch 2014"]
[Site "Ffm-Höchst, BiKuZ"]
[Date "2014.06.16"]
[Round "7.2"]
[White "Khenkin, Igor"]
[Black "Geske, Julian"]
[Result "1-0"]
[WhiteElo "2550"]
[BlackElo "2347"]
[PlyCount "57"]
[EventDate "2014.??.??"]
[WhiteTeam "Wiesbadener SV 1885"]
[BlackTeam "Wiesbadener SV 1885"]

1. d4 d5 2. Nf3 Nf6 3. g3 Bf5 4. Bg2 e6 5. c4 c6 6. Nc3 Be7 7. Qb3 Qb6 8. c5
Qc7 9. Bf4 Qc8 10. Nh4 Bg4 11. h3 Bh5 12. g4 Nfd7 13. Bg3 Bg6 14. Nxg6 hxg6 15.
e4 O-O 16. O-O Na6 17. exd5 exd5 18. Nxd5 cxd5 19. Bxd5 b6 20. Rfe1 Bg5 21. Bd6
Rb8 22. c6 Nf6 23. Bg2 Nc7 24. Qg3 Nfe8 25. Rxe8 Rxe8 26. Bxc7 Bh4 27. Qh2 Ra8
28. Bg3 Bf6 29. d5 1-0

[Event "Frankfurt Ch 2014"]
[Site "Ffm-Höchst, BiKuZ"]
[Date "2014.06.16"]
[Round "7.3"]
[White "Stockmann, Michael"]
[Black "Isserman, Ryhor"]
[Result "1-0"]
[WhiteElo "2181"]
[BlackElo "2270"]
[PlyCount "75"]
[EventDate "2014.??.??"]
[WhiteTeam "Sfr. Schöneck"]
[BlackTeam "SK Bad Homburg 1927"]

1. d4 g6 2. g3 Bg7 3. Bg2 d6 4. Nf3 Nf6 5. O-O O-O 6. c4 Nc6 7. b3 a6 8. Bb2
Bd7 9. d5 Na5 10. e4 c5 11. Qe1 b5 12. Bc3 b4 13. Bb2 Re8 14. e5 Ng4 15. h3
Nxe5 16. Nxe5 dxe5 17. Bxe5 Bxe5 18. Qxe5 Qb6 19. Nd2 Nb7 20. Rfe1 Nd6 21. g4
Ra7 22. Qg5 f6 23. Qf4 Kg7 24. Re3 e5 25. dxe6 Rxe6 26. Rd3 Nf7 27. Bd5 Re5 28.
Bxf7 Kxf7 29. Qh6 Kg8 30. Nf3 Re8 31. Rad1 Qe6 32. Rd6 Qe7 33. Qf4 Kg7 34. Re1
Qf7 35. Red1 Qe7 36. R1d5 Rc7 37. Rxa6 Be6 38. Rxe6 1-0

[Event "Frankfurt Ch 2014"]
[Site "Ffm-Höchst, BiKuZ"]
[Date "2014.06.16"]
[Round "7.4"]
[White "Mager, Denis"]
[Black "Meyer, Stefan"]
[Result "1/2-1/2"]
[WhiteElo "2133"]
[BlackElo "2013"]
[PlyCount "101"]
[EventDate "2014.??.??"]
[WhiteTeam "SAbt TuS Makkabi Ffm"]
[BlackTeam "SAbt TuS Dotzheim"]

1. Nf3 g6 2. d4 Bg7 3. e4 c5 4. Be3 Nc6 5. c3 cxd4 6. Nxd4 Nf6 7. Nd2 O-O 8. c4
Ng4 9. Qxg4 Nxd4 10. Qd1 d6 11. Bd3 Nc6 12. Qb3 Nd4 13. Qd1 Nc6 14. Rb1 Ne5 15.
Be2 f5 16. O-O Qa5 17. a3 Ng4 18. Bxg4 fxg4 19. Nb3 Qe5 20. Qd3 Qh5 21. Bd4 Be5
22. Bxe5 Qxe5 23. Nd4 Bd7 24. Ne2 Bc6 25. Nc3 Rf4 26. Rbe1 Raf8 27. b4 b6 28.
Re2 h5 29. Nd5 R4f7 30. Rc1 e6 31. Nc3 h4 32. Rd1 Rd8 33. Qd4 Qf4 34. Qd2 Qe5
35. Qd4 Qh5 36. c5 bxc5 37. bxc5 Rfd7 38. Qf6 Qe5 39. Qxe5 dxe5 40. Rc1 Rd4 41.
Ree1 Rc4 42. Na2 Rxc1 43. Nxc1 Rd2 44. h3 g3 45. f3 Kf7 46. Nb3 Rc2 47. Rc1
Rxc1+ 48. Nxc1 Bb5 49. Nb3 Ke7 50. Na5 Kd7 51. Kh1 1/2-1/2

[Event "Frankfurt Ch 2014"]
[Site "Ffm-Höchst, BiKuZ"]
[Date "2014.06.16"]
[Round "7.5"]
[White "Seickel, Ralf"]
[Black "Reschke, Thomas"]
[Result "1/2-1/2"]
[WhiteElo "1905"]
[BlackElo "2090"]
[PlyCount "75"]
[EventDate "2014.??.??"]
[WhiteTeam "vereinslos"]
[BlackTeam "SC Frankfurt-West"]

1. d4 g6 2. e4 Bg7 3. Nc3 c6 4. Nf3 d5 5. Be2 Bg4 6. O-O dxe4 7. Nxe4 Nd7 8. h3
Bxf3 9. Bxf3 Ngf6 10. Nxf6+ Nxf6 11. c4 O-O 12. Re1 Qc7 13. Qb3 e6 14. g3 Rad8
15. Bf4 Qb6 16. Qxb6 axb6 17. Rad1 Rd7 18. Rd2 Rfd8 19. Red1 h6 20. h4 Ne8 21.
d5 exd5 22. cxd5 c5 23. Bg4 f5 24. Bh3 h5 25. Bf1 Nd6 26. Bxd6 Rxd6 27. Re1 Kf8
28. Bc4 Re8 29. Rxe8+ Kxe8 30. Re2+ Kf7 31. b3 Bf8 32. Kg2 Rd7 33. a4 Kg7 34.
f3 Re7 35. Rd2 Rd7 36. Kf2 Bd6 37. f4 Re7 38. Re2 1/2-1/2

[Event "Frankfurt Ch 2014"]
[Site "Ffm-Höchst, BiKuZ"]
[Date "2014.06.16"]
[Round "7.6"]
[White "Minor, Samuel"]
[Black "Chandler, Patrick"]
[Result "1-0"]
[WhiteElo "2186"]
[BlackElo "2135"]
[PlyCount "114"]
[EventDate "2014.??.??"]
[WhiteTeam "Wiesbadener SV 1885"]
[BlackTeam "Sfr. Schöneck"]

1. e4 c5 2. Nf3 d6 3. d4 cxd4 4. Nxd4 Nf6 5. Nc3 a6 6. Be3 e5 7. Nf3 Nbd7 8. a4
b6 9. Bc4 Be7 10. Nh4 g6 11. Nf3 Bb7 12. Nd2 Nc5 13. Qf3 O-O 14. Bh6 Re8 15.
Bg5 Ne6 16. Bxf6 Bxf6 17. Nd5 Bg7 18. c3 Rf8 19. O-O Rb8 20. Rfd1 b5 21. axb5
axb5 22. Ba2 Kh8 23. Qd3 Nc5 24. Qc2 f5 25. b4 Ne6 26. f3 Qg5 27. Nf1 fxe4 28.
Qxe4 Nf4 29. Ng3 Rfc8 30. Qe1 Bxd5 31. Bxd5 h5 32. Ra2 e4 33. Nxe4 Qe5 34. Rad2
Qe7 35. g3 Nh3+ 36. Kg2 Ng5 37. Re2 Nxe4 38. Rxe4 Qf6 39. Re6 Qxc3 40. Qxc3
Bxc3 41. Rxg6 Bxb4 42. Rd4 Bc5 43. Rh4 Rc7 44. Be4 Rh7 45. Re6 b4 46. Bxh7 Kxh7
47. Rxh5+ Kg7 48. Rd5 b3 49. Re1 Kf6 50. f4 b2 51. Rb1 Rb3 52. f5 Ba3 53. h4
Rc3 54. g4 Rc2+ 55. Kf3 Rc3+ 56. Kg2 Rc1 57. Rd1 Rc4 {Rest unleserlich!} 1-0

[Event "Frankfurt Ch 2014"]
[Site "Ffm-Höchst, BiKuZ"]
[Date "2014.06.16"]
[Round "7.7"]
[White "Reschke, Stefan"]
[Black "Roggensack, Hans Peter"]
[Result "1/2-1/2"]
[WhiteElo "2319"]
[BlackElo "1955"]
[PlyCount "117"]
[EventDate "2014.??.??"]
[WhiteTeam "SV Oberursel"]
[BlackTeam "SF Frankfurt 1921"]

1. Nf3 b6 2. d4 Bb7 3. c4 e6 4. a3 Nf6 5. Nc3 d5 6. Bg5 Be7 7. e3 Nbd7 8. cxd5
exd5 9. Bb5 c6 10. Bd3 h6 11. Bf4 Nh5 12. O-O O-O 13. Be5 Nhf6 14. Rc1 Nxe5 15.
Nxe5 a6 16. Na4 c5 17. dxc5 bxc5 18. Nf3 Rc8 19. Bf5 Rc7 20. Qc2 Bd6 21. Nd2
Qe7 22. Rfe1 Bc8 23. Bxc8 Rfxc8 24. Nf3 Rb8 25. Red1 Rcb7 26. Rb1 Rb3 27. Rd3
Qe4 28. Nc3 Rxb2 29. Rxb2 Rxb2 30. Nxe4 Rxc2 31. Nxf6+ gxf6 32. g3 c4 33. Rxd5
Bxa3 34. Ra5 Bb2 35. Rxa6 Kg7 36. Rc6 Kg6 37. Nh4+ Kg7 38. Kg2 Be5 39. g4 h5
40. h3 hxg4 41. hxg4 Kf8 42. Nf5 Ke8 43. Kf3 Kd7 44. Rc5 c3 45. e4 Ra2 46. Ne3
Kd6 47. Rc4 Ra5 48. Nf5+ Ke6 49. Ne3 Kd6 50. Nf5+ Kd7 51. Ke3 Ra3 52. Ke2 Ra2+
53. Kf3 Ra3 54. Ne3 Ra2 55. Nd5 Rd2 56. Ke3 Bd4+ 57. Kf3 Rxf2+ 58. Kg3 Rd2 59.
Kf3 1/2-1/2

[Event "Frankfurt Ch 2014"]
[Site "Ffm-Höchst, BiKuZ"]
[Date "2014.06.16"]
[Round "7.8"]
[White "Legde, Georg"]
[Black "Kuhn, Gerhard"]
[Result "1-0"]
[WhiteElo "2292"]
[BlackElo "1947"]
[PlyCount "103"]
[EventDate "2014.??.??"]
[WhiteTeam "SK 1858 Gießen"]
[BlackTeam "SK Marburg 1931/72"]

1. c4 Nf6 2. g3 g6 3. Bg2 d5 4. cxd5 Nxd5 5. Nc3 Nxc3 6. bxc3 Bg7 7. Nf3 c6 8.
O-O O-O 9. Rb1 Nd7 10. c4 Qa5 11. Qb3 Nb6 12. d3 Qa4 13. Bg5 Re8 14. Rfc1 Qxb3
15. Rxb3 e5 16. Be3 e4 17. Nd2 exd3 18. exd3 Rd8 19. Ne4 Na4 20. Rc2 Bd4 21. c5
b6 22. cxb6 Nxb6 23. Rxc6 Be6 24. Ra3 Bxe3 25. fxe3 Nd5 26. Kf2 Rac8 27. Rc5
Nb4 28. d4 Bf5 29. Rxc8 Rxc8 30. Nc5 Rc7 31. Bf1 Kf8 32. Ra4 Nc6 33. Bg2 Nd8
34. e4 Bc8 35. Rc4 Ke7 36. Bf1 Ne6 37. Nxe6 Rxc4 38. Bxc4 fxe6 39. Ke3 h6 40.
Kf4 Kd6 41. h4 Bd7 42. g4 Be8 43. e5+ Ke7 44. d5 exd5 45. Bxd5 Ba4 46. g5 h5
47. Ke4 Be8 48. Kd4 Kd7 49. Kc5 Kc7 50. e6 Ba4 51. Be4 Be8 52. Bd3 1-0

[Event "Frankfurt Ch 2014"]
[Site "Ffm-Höchst, BiKuZ"]
[Date "2014.06.16"]
[Round "7.9"]
[White "Kaulfuss, Helmut"]
[Black "Wagner, Dirk"]
[Result "1-0"]
[WhiteElo "2086"]
[BlackElo "1919"]
[PlyCount "113"]
[EventDate "2014.??.??"]
[WhiteTeam "SV 1920 Hofheim"]
[BlackTeam "SC Matt im Park Ffm"]

1. e4 e5 2. Nf3 Nc6 3. d4 exd4 4. Nxd4 Nf6 5. Nxc6 bxc6 6. Bd3 Bc5 7. O-O O-O
8. Bg5 Qe7 9. Qf3 Bd4 10. c3 Be5 11. Qe2 h6 12. Be3 d5 13. exd5 cxd5 14. Bf4
Nd7 15. Re1 f6 16. Nd2 Qd6 17. Bg3 Bxg3 18. hxg3 Ne5 19. Bc2 Bg4 20. f3 Bd7 21.
Qf2 Bb5 22. Qd4 Bd7 23. Bb3 Be6 24. f4 Nc6 25. Qd3 Qc5+ 26. Kf1 Bf7 27. Nf3
Rae8 28. Nh4 Ne7 29. Bc2 Qc4 30. Qxc4 dxc4 31. Rad1 Nd5 32. Kf2 Rb8 33. Rd2
Rfe8 34. Rxe8+ Rxe8 35. Nf5 Kf8 36. Bd1 Nb6 37. Bf3 Bg6 38. Nd4 a6 39. f5 Bf7
40. Nc6 Na4 41. g4 Nc5 42. Nb4 a5 43. Nc6 Nd3+ 44. Kg3 a4 45. Nb4 Ne5 46. Bd1
c5 47. Na6 Nd3 48. Bxa4 Re3+ 49. Kh2 Ne5 50. Bd1 Rd3 51. Rxd3 Nxd3 52. b4 cxb3
53. axb3 Nf2 54. Bf3 Bxb3 55. Nxc5 Bc4 56. Kg3 Nd3 57. Na4 1-0

[Event "Frankfurt Ch 2014"]
[Site "Ffm-Höchst, BiKuZ"]
[Date "2014.06.16"]
[Round "7.10"]
[White "Achtmann, Armin"]
[Black "Koch, Markus"]
[Result "0-1"]
[WhiteElo "1915"]
[BlackElo "2070"]
[PlyCount "94"]
[EventDate "2014.??.??"]
[WhiteTeam "SAbt TuS Dotzheim"]
[BlackTeam "SC Brett vorm Kopp Ffm"]

1. d4 Nf6 2. Nf3 e6 3. g3 b5 4. Bg2 Bb7 5. O-O c5 6. e3 Be7 7. Nbd2 O-O 8. b3
a5 9. c4 b4 10. a4 Na6 11. Bb2 Qc7 12. Rc1 Rac8 13. Qe2 Rfd8 14. Rfd1 Qb8 15.
Ne5 d6 16. Bxb7 Qxb7 17. Qf3 Qc7 18. Nd3 cxd4 19. exd4 Qa7 20. Ne4 Nb8 21.
Nxf6+ Bxf6 22. d5 Bxb2 23. Nxb2 e5 24. Nd3 Qe7 25. Re1 Nd7 26. Qe3 f5 27. c5 e4
28. c6 Nf6 29. Qd4 g5 30. Nb2 Qf7 31. Rcd1 Ng4 32. Kg2 Ne5 33. Re3 Qh5 34. h3
Re8 35. Nc4 f4 36. Rxe4 Qf3+ 37. Kg1 Nxc4 38. Rxe8+ Rxe8 39. bxc4 fxg3 40. Rc1
Rf8 41. Rc2 Rf4 42. c7 Rxd4 43. c8=Q+ Kg7 44. Qd7+ Kh6 45. Qxd6+ Kh5 46. Qxg3
Rd1+ 47. Kh2 Rh1# 0-1

[Event "Frankfurt Ch 2014"]
[Site "Ffm-Höchst, BiKuZ"]
[Date "2014.06.16"]
[Round "7.11"]
[White "Schwenkreis, Thomas"]
[Black "Kulenovic, Adnan"]
[Result "0-1"]
[WhiteElo "2064"]
[BlackElo "1913"]
[PlyCount "70"]
[EventDate "2014.??.??"]
[WhiteTeam "SC Brett vorm Kopp Ffm"]
[BlackTeam "SC Springer Rodenbach"]

1. e4 Nc6 2. Nc3 Nf6 3. d4 d5 4. e5 Nd7 5. Nf3 Nb6 6. a3 Bf5 7. Nh4 e6 8. Nxf5
exf5 9. Be2 Qh4 10. Be3 h6 11. g3 Qe7 12. Bd3 g6 13. Qf3 O-O-O 14. Qe2 Kb8 15.
O-O f6 16. f4 fxe5 17. fxe5 Nxe5 18. dxe5 d4 19. Bd2 dxc3 20. Bxc3 Qc5+ 21. Kg2
Na4 22. Qf3 Nxc3 23. bxc3 Qxe5 24. Rfe1 Qxc3 25. Rab1 b6 26. Re6 Bd6 27. Rb3
Qc5 28. Rxg6 h5 29. Rg5 h4 30. Rxf5 h3+ 31. Kh1 Rhf8 32. g4 Rxf5 33. Bxf5 Re8
34. Be4 Qe5 35. Bd3 Qxh2# 0-1

[Event "Frankfurt Ch 2014"]
[Site "Ffm-Höchst, BiKuZ"]
[Date "2014.06.16"]
[Round "7.12"]
[White "Blum, Ralph"]
[Black "Calvi, Stefan"]
[Result "0-1"]
[WhiteElo "1897"]
[BlackElo "2054"]
[PlyCount "64"]
[EventDate "2014.??.??"]
[WhiteTeam "SV 1934 Ffm-Griesheim"]
[BlackTeam "SF Frankfurt 1921"]

1. d4 Nf6 2. c4 c5 3. d5 b5 4. cxb5 a6 5. b6 e6 6. Nc3 Nxd5 7. Nxd5 exd5 8.
Qxd5 Nc6 9. Nf3 Rb8 10. g3 Be7 11. Bg2 Nb4 12. Qd1 Rxb6 13. O-O O-O 14. e4 d6
15. Nd2 Be6 16. a3 Nc6 17. f4 Nd4 18. f5 Bb3 19. Qg4 Bf6 20. h4 Qe7 21. h5 Nc2
22. Nxb3 Rxb3 23. Bh6 Ne3 24. Bxe3 Rxe3 25. h6 Rb8 26. Rab1 Rbb3 27. Bf3 Bd4
28. Kg2 Qf6 29. Qf4 Red3 30. g4 Be3 31. Qg3 Rd2+ 32. Kh3 Qxh6+ 0-1

[Event "Frankfurt Ch 2014"]
[Site "Ffm-Höchst, BiKuZ"]
[Date "2014.06.16"]
[Round "7.13"]
[White "Rüger, Erhard"]
[Black "Rutsatz, Mario"]
[Result "1-0"]
[WhiteElo "2019"]
[BlackElo "1896"]
[PlyCount "53"]
[EventDate "2014.??.??"]
[WhiteTeam "SC Brett vorm Kopp Ffm"]
[BlackTeam "SF Frankfurt 1921"]

1. Nf3 d5 2. c4 c6 3. b3 Nf6 4. Bb2 g6 5. g3 Bg7 6. Bg2 O-O 7. O-O Bf5 8. d3
Nbd7 9. Nd4 e6 10. Nxf5 gxf5 11. Qd2 b5 12. cxb5 cxb5 13. Na3 Qb6 14. Qb4 a6
15. Bd4 Qb8 16. Rac1 Rc8 17. Qd2 Qb7 18. Qb2 b4 19. Nc4 Qb8 20. Ne5 Rxc1 21.
Rxc1 Nxe5 22. Bxe5 Qd8 23. Rc6 a5 24. Bf3 Rc8 25. Rxc8 Qxc8 26. Bxf6 Bxf6 27.
Qxf6 1-0

[Event "Frankfurt Ch 2014"]
[Site "Ffm-Höchst, BiKuZ"]
[Date "2014.06.16"]
[Round "7.14"]
[White "Nimsch, Helmut"]
[Black "Krüger, Till"]
[Result "1/2-1/2"]
[WhiteElo "2016"]
[BlackElo "1803"]
[PlyCount "55"]
[EventDate "2014.??.??"]
[WhiteTeam "SC Brett vorm Kopp Ffm"]
[BlackTeam "SC Nidderau"]

1. d4 Nf6 2. Nf3 g6 3. c4 Bg7 4. Nc3 d6 5. g3 O-O 6. Bg2 Nbd7 7. O-O e5 8. e3
Re8 9. b4 c6 10. Qb3 Nb6 11. dxe5 dxe5 12. Bb2 Be6 13. Nxe5 Qc7 14. Ne2 Nh5 15.
f4 Nxc4 16. Nxc4 Bxc4 17. Qxc4 Bxb2 18. Rab1 Bg7 19. Rb3 Nf6 20. b5 Ng4 21. Rf3
Rad8 22. h3 Rd1+ 23. Bf1 Rxf1+ 24. Kxf1 Nh2+ 25. Kg2 Nxf3 26. Kxf3 Qd7 27. bxc6
bxc6 28. Kg2 1/2-1/2

[Event "Frankfurt Ch 2014"]
[Site "Ffm-Höchst, BiKuZ"]
[Date "2014.06.16"]
[Round "7.15"]
[White "Lebermann, Hellmuth"]
[Black "Biegel, Thomas"]
[Result "1/2-1/2"]
[WhiteElo "1865"]
[BlackElo "1975"]
[PlyCount "36"]
[EventDate "2014.??.??"]
[WhiteTeam "SK Bad Homburg 1927"]
[BlackTeam "SC Steinbach"]

1. Nf3 d5 2. g3 Nf6 3. Bg2 c6 4. O-O Bf5 5. d3 h6 6. Nbd2 e6 7. c3 Be7 8. a4
Nbd7 9. Re1 Bh7 10. b4 O-O 11. Qb3 Ng4 12. h3 Nge5 13. Nxe5 Nxe5 14. d4 Nd7 15.
e4 Nf6 16. e5 Nd7 17. f4 g5 18. Nf3 Be4 1/2-1/2

[Event "Frankfurt Ch 2014"]
[Site "Ffm-Höchst, BiKuZ"]
[Date "2014.06.16"]
[Round "7.16"]
[White "Zimmermann, Hendrik"]
[Black "Zimpfer, Andreas"]
[Result "1-0"]
[WhiteElo "2173"]
[BlackElo "1831"]
[PlyCount "67"]
[EventDate "2014.??.??"]
[WhiteTeam "SC 1961 König Nied"]
[BlackTeam "SC Butzbach 2000"]

1. c4 e5 2. g3 Nc6 3. Nc3 Nf6 4. Bg2 g6 5. e4 Bg7 6. Nge2 d6 7. d3 O-O 8. O-O
Nh5 9. Be3 Nd4 10. Qd2 Bh3 11. f4 Qd7 12. Bxh3 Qxh3 13. Bxd4 exd4 14. Nb5 Qd7
15. Nbxd4 f5 16. exf5 gxf5 17. Nf3 Rfe8 18. Nc3 Nf6 19. Rae1 c6 20. Rxe8+ Rxe8
21. Re1 Re7 22. Kf1 Kf8 23. Rxe7 Qxe7 24. Qe2 Ng4 25. h3 Nf6 26. Nd4 Qf7 27.
Qe6 Ne8 28. Qxf7+ Kxf7 29. Nxf5 Bf8 30. Ke2 Ng7 31. Nxg7 Bxg7 32. Ke3 Ke6 33.
d4 h5 34. g4 1-0

[Event "Frankfurt Ch 2014"]
[Site "Ffm-Höchst, BiKuZ"]
[Date "2014.06.16"]
[Round "7.17"]
[White "Gräbner, Walter"]
[Black "Fröhlich-Dill, Astrid"]
[Result "1-0"]
[WhiteElo "1952"]
[BlackElo "1789"]
[PlyCount "101"]
[EventDate "2014.??.??"]
[WhiteTeam "SC 1961 König Nied"]
[BlackTeam "SV 1920 Hofheim"]

1. d4 Nf6 2. c4 e6 3. Nf3 b6 4. g3 Bb7 5. Bg2 Be7 6. O-O O-O 7. Nc3 d6 8. Qc2
Nc6 9. Rd1 Na5 10. c5 bxc5 11. dxc5 Qc8 12. Bg5 d5 13. a3 h6 14. Be3 Nc4 15.
Bd4 Nd7 16. b3 Na5 17. e4 Bxc5 18. Bxc5 Nxc5 19. b4 Nxe4 20. bxa5 Nxc3 21. Qxc3
c5 22. Rac1 c4 23. Nd4 Rb8 24. f4 Qc5 25. Kh1 Ba6 26. Rb1 Qc7 27. Bf3 Rxb1 28.
Rxb1 Rb8 29. Rb4 Rb7 30. Bd1 Qxa5 31. Bc2 Qc7 32. Rxb7 Bxb7 33. Qb4 e5 34. fxe5
g6 35. Qe1 Qc5 36. Qe3 c3 37. e6 Qe7 38. Qxh6 Qf6 39. exf7+ Qxf7 40. Qxg6+ Qxg6
41. Bxg6 Kg7 42. Bc2 Kf6 43. Kg2 Ke5 44. Nf3+ Kd6 45. Kf2 Bc8 46. Ke3 Kc5 47.
Ne5 d4+ 48. Kf4 Ba6 49. g4 Bc4 50. Nxc4 Kxc4 51. Ke4 1-0

[Event "Frankfurt Ch 2014"]
[Site "Ffm-Höchst, BiKuZ"]
[Date "2014.06.16"]
[Round "7.18"]
[White "Kolker, Vladislav"]
[Black "Schellen, Sven"]
[Result "1/2-1/2"]
[WhiteElo "1915"]
[BlackElo "1749"]
[PlyCount "22"]
[EventDate "2014.??.??"]
[WhiteTeam "SC Bad Nauheim"]
[BlackTeam "SF Frankfurt 1921"]

1. d4 Nf6 2. Nc3 g6 3. e4 d6 4. Bg5 Bg7 5. Qd2 c6 6. f4 h6 7. Bh4 Qa5 8. Nf3
Bg4 9. O-O-O b5 10. a3 b4 11. axb4 Qa1+ 1/2-1/2

[Event "Frankfurt Ch 2014"]
[Site "Ffm-Höchst, BiKuZ"]
[Date "2014.06.16"]
[Round "7.19"]
[White "Gutacker, Stephan"]
[Black "Rondonuwu, Grover"]
[Result "1-0"]
[WhiteElo "1811"]
[BlackElo "1911"]
[PlyCount "79"]
[EventDate "2014.??.??"]
[WhiteTeam "Sfr.1932 Kelkheim"]
[BlackTeam "Sabt Frankfurter TV 1860"]

1. e4 c5 2. c3 Nf6 3. e5 Nd5 4. Nf3 e6 5. d4 Nc6 6. c4 Ndb4 7. d5 exd5 8. cxd5
Nd4 9. Nxd4 cxd4 10. d6 Qa5 11. Qd2 Qxe5+ 12. Kd1 Bxd6 13. Na3 Be7 14. b3 O-O
15. Bb2 Nc6 16. Nc2 Bf6 17. f4 Qe6 18. Bd3 d5 19. h3 g6 20. Re1 Qd7 21. Qf2 Re8
22. Kd2 Qd8 23. Rxe8+ Qxe8 24. g4 Qd8 25. Rf1 Qa5+ 26. Kc1 Qxa2 27. g5 Bg7 28.
f5 Bxf5 29. Bxf5 gxf5 30. Qxf5 Rf8 31. Ba3 d3 32. Qxd3 Ne5 33. Qf5 d4 34. Bxf8
d3 35. Nb4 Qa1+ 36. Kd2 Qb2+ 37. Ke3 Qe2+ 38. Kd4 Nc6+ 39. Kd5 Nxb4+ 40. Bxb4
1-0

[Event "Frankfurt Ch 2014"]
[Site "Ffm-Höchst, BiKuZ"]
[Date "2014.06.16"]
[Round "7.20"]
[White "Egenolf, Dirk"]
[Black "Mühlbach, Christian"]
[Result "1/2-1/2"]
[WhiteElo "1906"]
[BlackElo "1683"]
[PlyCount "56"]
[EventDate "2014.??.??"]
[WhiteTeam "SK Niederbrechen 1948"]
[BlackTeam "SK Langen"]

1. e4 d5 2. exd5 Qxd5 3. Nc3 Qa5 4. Nf3 Bg4 5. Be2 Nf6 6. h3 Bh5 7. d3 c6 8.
Bd2 Qc7 9. g4 Bg6 10. Nh4 Nbd7 11. Be3 Nd5 12. Nxd5 cxd5 13. Qd2 e6 14. f4 Be7
15. Nxg6 hxg6 16. g5 Nb6 17. h4 Nc8 18. O-O-O Nd6 19. Bg4 Rc8 20. Kb1 a5 21.
Bd4 Rh7 22. h5 gxh5 23. Bxh5 g6 24. Bg4 Rxh1 25. Rxh1 Nb5 26. Rh8+ Kd7 27. Rxc8
Kxc8 28. Be5 Bd6 1/2-1/2

[Event "Frankfurt Ch 2014"]
[Site "Ffm-Höchst, BiKuZ"]
[Date "2014.06.16"]
[Round "7.21"]
[White "Hinz, André"]
[Black "Rolf, Marco"]
[Result "1-0"]
[WhiteElo "1760"]
[BlackElo "1872"]
[PlyCount "81"]
[EventDate "2014.??.??"]
[WhiteTeam "VfB 07 Lettin"]
[BlackTeam "SK Bad Homburg 1927"]

1. c4 e5 2. g3 Nf6 3. Bg2 Nc6 4. Nc3 Bc5 5. Nf3 d6 6. d3 h6 7. O-O Bf5 8. a3
O-O 9. b4 Bb6 10. Bb2 Qd7 11. Re1 Bh3 12. Bh1 Ng4 13. e3 f5 14. Qb3 Kh8 15. Nd5
f4 16. d4 fxg3 17. hxg3 e4 18. Nh4 Nxf2 19. Ng6+ Kh7 20. Nxf8+ Rxf8 21. Nf4
Rxf4 22. gxf4 Qg4+ 23. Kxf2 Qh4+ 24. Ke2 Bg4+ 25. Kd2 Qf2+ 26. Kc1 Qxe1+ 27.
Kc2 Qe2+ 28. Kb1 Bf3 29. Bxf3 exf3 30. Qc2+ g6 31. Qxe2 fxe2 32. Kc2 a5 33. Bc3
a4 34. c5 dxc5 35. dxc5 Ba7 36. Kd2 Ne7 37. e4 c6 38. Be5 Kg8 39. Kxe2 Kf7 40.
Rd1 Ke6 41. Rd6+ 1-0

[Event "Frankfurt Ch 2014"]
[Site "Ffm-Höchst, BiKuZ"]
[Date "2014.06.16"]
[Round "7.22"]
[White "Seifert, Norbert"]
[Black "Hochmuth, Christian"]
[Result "1/2-1/2"]
[WhiteElo "1867"]
[BlackElo "1770"]
[PlyCount "48"]
[EventDate "2014.??.??"]
[WhiteTeam "SF Neuberg"]
[BlackTeam "SG Wächtersbach/Sotzbach"]

1. e4 c6 2. d4 d5 3. Nc3 dxe4 4. Nxe4 Nd7 5. Nf3 Ngf6 6. Ng3 e6 7. Bd3 Bd6 8.
O-O O-O 9. Re1 c5 10. c3 cxd4 11. cxd4 b6 12. Ne4 Be7 13. Ne5 Bb7 14. Ng5 h6
15. Nh3 Re8 16. Nf4 Nxe5 17. dxe5 Nh7 18. Qg4 Bg5 19. Bb5 Re7 20. Nh5 g6 21. f4
gxh5 22. Qxh5 Qd5 23. Bf1 Bf6 24. Rd1 Qc5+ 1/2-1/2

[Event "Frankfurt Ch 2014"]
[Site "Ffm-Höchst, BiKuZ"]
[Date "2014.06.16"]
[Round "7.23"]
[White "Krischak, Werner"]
[Black "Kretner, Georg-Ulrich"]
[Result "0-1"]
[WhiteElo "1609"]
[BlackElo "1838"]
[PlyCount "84"]
[EventDate "2014.??.??"]
[WhiteTeam "SK Marburg 1931/72"]
[BlackTeam "SC Bad Nauheim"]

1. d4 g6 2. Nf3 Bg7 3. c4 Nf6 4. Bf4 O-O 5. e3 d6 6. Be2 c5 7. O-O b6 8. Nc3
Nbd7 9. h3 Bb7 10. d5 a6 11. a4 Ne8 12. Qd2 Ne5 13. e4 Nxf3+ 14. Bxf3 Bc8 15.
Rad1 Rb8 16. Be2 Nc7 17. Bh2 Bd7 18. f4 b5 19. axb5 axb5 20. b3 b4 21. Nb1 Ra8
22. e5 Ra6 23. Bg4 Bxg4 24. hxg4 Qd7 25. Qe2 Rfa8 26. Rd2 Ra1 27. Rfd1 Ne8 28.
Rc2 R8a6 29. Nd2 f5 30. e6 Qa7 31. gxf5 gxf5 32. Rcc1 R1a2 33. Qd3 Bd4+ 34. Kh1
Ng7 35. Nf3 Bf6 36. Bg3 Qa8 37. Bh4 Qf8 38. Bg5 Nh5 39. Kg1 Bxg5 40. Nxg5 Rxg2+
41. Kh1 Raa2 42. Qh3 Ng3+ 0-1

[Event "Frankfurt Ch 2014"]
[Site "Ffm-Höchst, BiKuZ"]
[Date "2014.06.16"]
[Round "7.25"]
[White "Liebske, Reiner"]
[Black "Fußnecker, Manfred"]
[Result "0-1"]
[WhiteElo "1680"]
[BlackElo "1870"]
[PlyCount "62"]
[EventDate "2014.??.??"]
[WhiteTeam "SV Frankfurt Nord 1926"]
[BlackTeam "SF Frankfurt 1921"]

1. e4 e5 2. Nf3 d6 3. d4 exd4 4. Nxd4 Nf6 5. Nc3 Be7 6. Bc4 O-O 7. O-O Nbd7 8.
a3 Re8 9. Re1 Ne5 10. Ba2 c5 11. Nf5 Bxf5 12. exf5 Qd7 13. f4 Nc6 14. g4 Bf8
15. Be3 Nd4 16. h3 d5 17. Kf2 Nxc2 18. Qxc2 d4 19. Bd2 dxc3 20. Bxc3 Qc6 21.
Bxf6 Qxf6 22. Rxe8 Rxe8 23. Rd1 c4 24. Bxc4 Qh4+ 25. Kf1 Re3 26. Qg2 Rxh3 27.
Bd5 Rh2 28. Qf3 Bc5 29. Bxf7+ Kf8 30. Rd8+ Qxd8 31. Qb3 Rf2+ 0-1

[Event "Frankfurt Ch 2014"]
[Site "Ffm-Höchst, BiKuZ"]
[Date "2014.06.16"]
[Round "7.26"]
[White "Rauscher, Joachim"]
[Black "Janke, Christian"]
[Result "1/2-1/2"]
[WhiteElo "1697"]
[BlackElo "1949"]
[PlyCount "57"]
[EventDate "2014.??.??"]
[WhiteTeam "SC Brett vorm Kopp Ffm"]
[BlackTeam "SV Spr.Siershahn"]

1. e4 d5 2. exd5 Qxd5 3. Nc3 Qa5 4. Bc4 Nf6 5. d3 c6 6. Bd2 Bf5 7. Nf3 e6 8.
Qe2 Be7 9. O-O O-O 10. Nd5 Qd8 11. Nxe7+ Qxe7 12. Bg5 Nbd7 13. h3 a5 14. a4 Qc5
15. Be3 Qd6 16. Nh4 Bg6 17. Nxg6 hxg6 18. Qd2 Nd5 19. Rae1 N7f6 20. Bg5 Nb6 21.
Bb3 Qd7 22. Bxf6 gxf6 23. Re4 Kg7 24. Rh4 g5 25. Rg4 Rh8 26. f4 Qd4+ 27. Qf2
Qxf2+ 28. Rxf2 Kg6 29. fxg5 1/2-1/2